[Event "TCh-FIN 2003-4"]
[Site "Finland FIN"]
[Date "2003.09.21"]
[Round "2"]
[White "Hartikainen,M"]
[Black "Nevanlinna,R"]
[Result "0-1"]
[WhiteElo "2300"]
[BlackElo "2357"]

1.e4 c5 2.Nf3 e6 3.d4 cxd4 4.Nxd4 Nc6 5.Nb5 d6 6.c4 Nf6 7.N1c3 a6 8.Nd4 Qc7
9.Be3 b6 10.Rc1 Nb8 11.Be2 Bb7 12.f3 Nbd7 13.O-O Be7 14.Qd2 Rc8 15.Rfd1 Qb8
16.Bf1 O-O 17.Qf2 Bd8 18.Nc2 Bc7 19.g3 Kh8 20.Rd2 Rg8 21.Bd4 g5 22.Na4 g4
23.Bg2 e5 24.Be3 gxf3 25.Bxf3 Nxe4 26.Qg2 f5 27.Nc3 Ndf6 28.Nb4 Rcf8 29.Nxe4 Nxe4
30.Rdd1 Nxg3 31.hxg3 Bxf3 32.Qxf3 f4 33.Bf2 fxg3 34.Qxg3 b5 35.Kh2 Rxg3 36.Bxg3 bxc4
37.Rxc4 Qe8 38.Rh4 Bd8 39.Rh6 Bg5 40.Rhxd6 Qh5+ 41.Kg2 Qf3+ 42.Kh2 Bf4 43.Rg1 Rg8
44.Rd3 Qh5+ 45.Kg2 e4  0-1

[Event "ECC"]
[Site "Rethymnon GRE"]
[Date "2003.10.03"]
[Round "6"]
[White "Rasik,V"]
[Black "Goloshchapov,A"]
[Result "1/2-1/2"]
[WhiteElo "2466"]
[BlackElo "2574"]

1.e4 c5 2.Nf3 Nc6 3.d4 cxd4 4.Nxd4 e6 5.Nb5 d6 6.Bf4 e5 7.Be3 a6 8.N5c3 Nf6
9.Nd2 d5 10.Bg5 d4 11.Nd5 Be7 12.Nxe7 Qxe7 13.Bc4 h6 14.Bh4 Be6 15.O-O O-O
16.Bd3 Rac8 17.a3 g5 18.Bg3 Nd7 19.Nf3 f6 20.h4 Nc5 21.Nd2 Rc7 22.f3 Rfc8
23.Be1 Nb8 24.hxg5 hxg5 25.Rf2 Nxd3 26.cxd3 Rc2 27.Nf1 Bb3 28.Rxc2 Bxc2 29.Qd2 Bb3
30.Rc1 Rc6 31.Rxc6 Nxc6 32.Qc1 Kf7 33.Ng3 Be6 34.Kf2 Ke8 35.Bd2 Kd7 36.Qh1 Qg7  1/2-1/2

[Event "7th Itau Cup"]
[Site "Sao Paulo BRA"]
[Date "2003.10.03"]
[Round "7"]
[White "Da Mata,L"]
[Black "Tsuboi,E"]
[Result "0-1"]
[WhiteElo "2131"]
[BlackElo "2365"]

1.e4 c5 2.Nf3 Nc6 3.d4 cxd4 4.Nxd4 e6 5.Nb5 d6 6.c4 Nf6 7.N1c3 a6 8.Na3 Be7
9.Be2 O-O 10.O-O b6 11.Be3 Ne5 12.Qb3 Ned7 13.Rfd1 Qc7 14.Rac1 Bb7 15.f3 Rac8
16.Bf1 Rfe8 17.Kh1 Nc5 18.Qc2 Qb8 19.Qf2 Bd8 20.Rc2 Bc7 21.h3 Ncd7 22.Nab1 Bc6
23.Na3 Bb7 24.Nab1 h6 25.b4 Qa8 26.Rcd2 Kh7 27.a3 Qb8 28.Rb2 Re7 29.Na4 Bc6
30.Qc2 Kg8 31.c5 dxc5 32.Bxa6 Qa8 33.b5 Bb7 34.Bxb7 Qxb7 35.Nac3 Ne5 36.a4 Nc4
37.Bf2 Nxb2 38.Qxb2 Rd7 39.Na3 Be5 40.Rxd7 Nxd7 41.Nc4 Ra8 42.Nxe5 Nxe5 43.Bg3 Nd3
44.Qb3 Qd7 45.Ne2 Rc8 46.Qc4 Ra8 47.Qb3 Nb4 48.Nf4 Qd4 49.Kh2 Qa1 50.Nh5 Qxa4
51.Qe3 Qc2 52.Be5 Ra2 53.Qg1 Nd3 54.Bg3 Qe2 55.Nf4 Nxf4 56.Bxf4 Qxb5 57.Qe1 Qe2
58.Qg3 Kh7 59.Be5 f6 60.Bd6 Qf2 61.Qg4 g6 62.h4 h5 63.Qh3 Kg7 64.Bg3 Qd2
65.Bc7 Kf7 66.Bxb6 Qd6+ 67.Qg3 Qxb6 68.Qf4 Kg7 69.e5 Qd8 70.Qc1 Qd5 71.exf6+ Kxf6
72.Qf4+ Qf5 73.Qh6 Ke7 74.Qg7+ Kd6 75.Qb7 Qc2 76.Qb8+ Kd5 77.Qb7+ Kc4 78.f4 Qxg2+  0-1

[Event "2nd League TCh-SCG"]
[Site "Belgrade SCG"]
[Date "2003.10.04"]
[Round "8"]
[White "Nikolic,Milo"]
[Black "Arsovic,Z"]
[Result "0-1"]
[WhiteElo "2190"]
[BlackElo "2418"]

1.Nf3 c5 2.e4 e6 3.d4 cxd4 4.Nxd4 Nc6 5.Nb5 d6 6.Bf4 e5 7.Be3 Be6 8.c4 Be7
9.f3 a6 10.N5c3 Bg5 11.Bf2 Nf6 12.Nd5 Bxd5 13.exd5 Nb8 14.Bd3 O-O 15.O-O Nbd7
16.Nc3 Rc8 17.Re1 g6 18.g3 b6 19.a3 h5 20.Bf1 Re8 21.a4 a5 22.Nb5 Nc5 23.Na7 Ra8
24.Nc6 Qc7 25.Bg2 h4 26.Ra3 Qd7 27.Bxc5 bxc5 28.Rb3 hxg3 29.hxg3 Kg7 30.Re2 Nh5
31.Qe1 Rh8 32.Bf1 Rae8 33.Rh2 Nf6 34.Re2 Rh7 35.Bg2 Nh5 36.f4 Nxf4 37.gxf4 Bxf4
38.Rf3 Qg4 39.Qf2 Reh8 40.Qf1 Rh1+ 41.Kf2 Qh4+  0-1

[Event "300 Years Women"]
[Site "St Petersburg RUS"]
[Date "2003.10.21"]
[Round "4"]
[White "Zigangirova,S"]
[Black "Vasilevich,I"]
[Result "1-0"]
[WhiteElo "2238"]
[BlackElo "2273"]

1.e4 c5 2.Nf3 e6 3.d4 cxd4 4.Nxd4 Nc6 5.Nb5 d6 6.c4 Nf6 7.N1c3 a6 8.Na3 b6
9.Be2 Bb7 10.Be3 Ne5 11.f3 Be7 12.O-O O-O 13.Qd2 Rc8 14.Rfd1 Qc7 15.Kh1 Ned7
16.Rac1 Qb8 17.Bf1 Kh8 18.Nc2 Bd8 19.Bg1 Bc7 20.b4 Rg8 21.a4 g5 22.Ne1 Rg6
23.a5 bxa5 24.b5 d5 25.bxa6 Bxa6 26.Rb1 Qa8 27.exd5 Bf4 28.Be3 Bxe3 29.Qxe3 Bxc4
30.Bxc4 Rxc4 31.dxe6 fxe6 32.Rd6 Qc8 33.Ne2 Nd5 34.Qd3 Ne5 35.Qa3 Qf8 36.Ra1 Rb4
37.Ra6 Nc4 38.Qd3 Qf5 39.Qd4+ Rf6 40.Ng3 Qe5 41.Ra8+ Kg7 42.Nh5+ Kg6 43.Qxe5 Nxe5
44.Nxf6 Kxf6 45.R8xa5 g4 46.R5a4 gxf3 47.Nxf3 Rb2 48.Nxe5 Kxe5 49.R4a2 Rb3
50.Ra7 h5 51.Re1+ Kf5 52.Rf7+ Kg6 53.Rf3 Rb6 54.Kg1 Ra6 55.Kf2 Nf6 56.Kg1 Nd5
57.Rg3+ Kh6 58.Rg8 Nf6 59.Rg3 Nd5 60.h3 Nf4 61.Kh2 Ng6 62.Rge3 e5 63.g3 Kg5
64.Kg2 Kf5 65.Kf3 Ra4 66.Re4 Ra3+ 67.R1e3 Ra1 68.Rb4 Rh1 69.Kg2 Ra1 70.Rf3+ Kg5
71.h4+ Kh6 72.Rb6 Ra4 73.Rf5 Rg4 74.Rxe5 Kg7 75.Rg5 Rxg5 76.hxg5  1-0

[Event "300 Years"]
[Site "St Petersburg RUS"]
[Date "2003.10.26"]
[Round "9"]
[White "Aseev,K"]
[Black "Vitiugov,N"]
[Result "1-0"]
[WhiteElo "2535"]
[BlackElo "2457"]

1.e4 c5 2.Nf3 e6 3.d4 cxd4 4.Nxd4 Nc6 5.Nb5 d6 6.Bf4 e5 7.Be3 Nf6 8.Bg5 Be6
9.Nd2 a6 10.Bxf6 gxf6 11.Nc3 f5 12.Bc4 Qg5 13.g3 O-O-O 14.Nf3 Qh5 15.Bd5 Bxd5
16.exd5 Ne7 17.Qe2 Bh6 18.a4 f4 19.Ra3 f5 20.Rb3 Rd7 21.Nd2 Qxe2+ 22.Kxe2 Rc7
23.Rb4 e4 24.Nc4 Rd8 25.f3 Bg7 26.Rd1 fxg3 27.hxg3 exf3+ 28.Kxf3 Ng6 29.Ne2 Ne5+
30.Nxe5 Bxe5 31.c3 Rg8 32.Rh4 Rcg7 33.Rdh1 Bxg3 34.Rxh7 Rxh7 35.Rxh7 Be5
36.Rf7 Rg4 37.b4 Rc4 38.Ke3 Rh4 39.Rxf5 Rh3+ 40.Rf3 Rh4 41.Rf8+ Kc7 42.Rf7+ Kb8
43.a5 Rc4 44.Kd3 Rc7 45.Rxc7 Kxc7 46.Nd4 Bg3 47.Ne6+ Kd7 48.Kc2 Be1 49.Kb3 Bd2
50.c4 Be1 51.Ka4 Bc3 52.Nf4 Kc7 53.Nd3 Bd2 54.b5 Kb8 55.bxa6 bxa6 56.c5 Kc7
57.c6 Kb8 58.Nb2 Kc7 59.Nc4 Bc3 60.Kb3 Be1 61.Kc2 Bb4 62.Kd3 Be1 63.Ke4 Bc3
64.Kf5 Be1 65.Kf6 Bc3+ 66.Ke7 Be1 67.Nb6 Bb4 68.Ke6 Ba3 69.Nd7 Bb4 70.Nf6 Kd8
71.Ne8 Bxa5 72.Nxd6 Bb6 73.Nc4 Bc5 74.d6 Bf2 75.c7+ Kc8 76.Ke7  1-0

[Event "LXVIII ch-ESP Final"]
[Site "Burgos ESP"]
[Date "2003.10.31"]
[Round "1"]
[White "Del Rio Angelis,S"]
[Black "De la Riva Aguado,O"]
[Result "1/2-1/2"]
[WhiteElo "2480"]
[BlackElo "2549"]

1.e4 c5 2.Nf3 Nc6 3.d4 cxd4 4.Nxd4 e6 5.Nb5 d6 6.c4 Nf6 7.N5c3 Be7 8.g3 O-O
9.Bg2 a6 10.O-O Bd7 11.Na3 Rc8 12.Bf4 Ne5 13.Qe2 Ng6 14.Bd2 Re8 15.Rac1 Qc7
16.Be3 Qb8 17.Rfd1 Bf8 18.h3 Bc6 19.Nc2 b6 20.f4 Ba8 21.Bf2 h5 22.Be3 Qc7
23.Na3 h4 24.g4 d5 25.e5 Bc5 26.Qf2 Ne4 27.Nxe4 dxe4 28.Nc2 Bxe3 29.Nxe3 Rcd8
30.Nd5 exd5 31.cxd5 Qb8 32.Bxe4 Nxe5 33.fxe5 Qxe5 34.Re1 Qg5 35.Rcd1 g6 36.Qxb6 Bxd5
37.Qa5  1/2-1/2

[Event "FSGM November"]
[Site "Budapest HUN"]
[Date "2003.11.04"]
[Round "4"]
[White "Seres,L"]
[Black "Kallio,H"]
[Result "1/2-1/2"]
[WhiteElo "2510"]
[BlackElo "2493"]

1.e4 c5 2.Nf3 Nc6 3.d4 cxd4 4.Nxd4 e6 5.Nb5 d6 6.Bf4 e5 7.Be3 Nf6 8.Bg5 Be6
9.Bxf6 gxf6 10.Nd2 a6 11.Nc3 f5 12.Bc4 Qg5 13.g3 Rc8 14.exf5 Qxf5 15.O-O Nb4
16.Bxe6 fxe6 17.f4 Qxc2 18.Qh5+ Qg6 19.Qxg6+ hxg6 20.fxe5 dxe5 21.Rf6 Nc2
22.Rc1 Nd4 23.Rcf1 Rg8 24.Nf3 Be7 25.Ne4 Rc4 26.Nfg5 Bxf6 27.Nxf6+ Kf8 28.Nxg8+ Kxg8
29.Rf6 Rc2 30.Rf2 Rc7 31.Kg2 a5 32.g4 b5 33.Kg3 b4 34.Rf6 Kg7  1/2-1/2

[Event "TCh-SLO"]
[Site "Celje SLO"]
[Date "2003.11.17"]
[Round "1"]
[White "Grosar,A"]
[Black "Gostisa,L"]
[Result "1/2-1/2"]
[WhiteElo "2451"]
[BlackElo "2420"]

1.e4 c5 2.Nf3 e6 3.d4 cxd4 4.Nxd4 Nc6 5.Nb5 d6 6.Bf4 e5 7.Be3 Be6 8.N1c3 a6
9.Na3 Nf6 10.Nc4 Be7 11.Nb6 Rb8 12.Be2 O-O 13.Qd2 Nxe4 14.Nxe4 d5 15.Nxd5 Qxd5
16.Qxd5 Bxd5 17.Bf3 Nb4 18.O-O-O Bc6 19.a3 Nd5 20.Bc5 f5 21.Bxe7 Nxe7 22.Nc5 e4
23.Be2 Ng6 24.Bc4+ Kh8 25.Ne6 Rf6 26.Rd2 Re8 27.Ng5 h6 28.h4 f4 29.Nf7+ Kh7
30.Ng5+ Kh8 31.Nf7+ Kh7  1/2-1/2

[Event "TCh-SLO"]
[Site "Celje SLO"]
[Date "2003.11.21"]
[Round "7"]
[White "Gjuran,D"]
[Black "Zorko,Ju"]
[Result "1/2-1/2"]
[WhiteElo "2251"]
[BlackElo "2305"]

1.e4 c5 2.Nf3 e6 3.d4 cxd4 4.Nxd4 Nc6 5.Nb5 d6 6.c4 Nf6 7.N1c3 a6 8.Nd4 Be7
9.Be2 O-O 10.O-O Qc7 11.Be3 Nxd4 12.Qxd4 Nd7 13.Rfd1 b6 14.f4 Rd8 15.Bf3 Bb7
16.Rac1 Rac8 17.b3 e5 18.Qd2 exf4 19.Bxf4 Ne5 20.Be3 Bc6 21.Qf2 Qd7 22.Bxb6 Rf8
23.Nd5 f5 24.exf5 Bg5 25.Rc3 Rxf5 26.h4 Nxf3+ 27.Rxf3 Rxf3 28.Qxf3 Bxh4 29.Qf4 Bxd5
30.Rxd5 Be7 31.Qd2 Qe6 32.Qe3 Qf7 33.Rd1 Rf8 34.Re1 Bh4 35.g3 Qg6 36.Kh2 Bd8
37.Bxd8 Rxd8 38.Qe6+ Qxe6 39.Rxe6 Kf7 40.Re4 d5 41.cxd5 Rxd5 42.Kh3 h5 43.Ra4 a5  1/2-1/2

[Event "ch-IND National A"]
[Site "Calicut IND"]
[Date "2003.12.13"]
[Round "14"]
[White "Sandipan,C"]
[Black "Satyapragyan,S"]
[Result "1/2-1/2"]
[WhiteElo "2504"]
[BlackElo "2415"]

1.e4 c5 2.Nf3 e6 3.d4 cxd4 4.Nxd4 Nc6 5.Nb5 d6 6.c4 Nf6 7.N1c3 a6 8.Na3 Be7
9.Be2 O-O 10.O-O b6 11.Be3 Nd7 12.Rc1 Bb7 13.f4 Nc5 14.Nab1 Bf6 15.Bf3 Qe7
16.a3 a5 17.Re1 a4 18.Bxc5 bxc5 19.Nxa4 Bd4+  1/2-1/2

[Event "12th Donau Open"]
[Site "Aschach GER"]
[Date "2003.12.31"]
[Round "7"]
[White "Eisenbeiser,A"]
[Black "Holzmann,H"]
[Result "1/2-1/2"]
[WhiteElo "2224"]
[BlackElo "2137"]

1.e4 c5 2.Nf3 e6 3.d4 cxd4 4.Nxd4 Nc6 5.Nb5 d6 6.c4 a6 7.N5c3 Nf6 8.Be2 Be7
9.O-O O-O 10.Be3 b6 11.Nd2 Bb7 12.Qb3 Nd7 13.a3 Nc5 14.Qc2 Bf6 15.b4 Nd7
16.Nb3 a5 17.b5 Ne7 18.Rad1 Qc7 19.f4 Bxc3 20.Qxc3 Bxe4 21.Qd4 a4 22.Qxe4 axb3
23.Qd3 Nc5 24.Qxd6 Qxd6 25.Rxd6 Nf5 26.Bxc5 bxc5 27.Rd3 Rxa3 28.Rb1 Ra4 29.Rdxb3 Nd4
30.R3b2 Nxe2+ 31.Rxe2 Rxc4 32.b6 Rb8 33.b7 Ra4 34.Rb5 g6 35.Rd2 Rb4 36.Rb2 Rxb2
37.Rxb2 Kf8 38.Rc2 Rxb7 39.Rxc5 h5 40.Rc2 Rb4 41.g3 Ke7 42.Kg2 h4 43.Kh3 hxg3
44.hxg3 f5 45.Kg2 Kf6 46.Rc3 g5 47.Kf3 Rb2 48.fxg5+ Kxg5 49.Re3 Rb6 50.Kf2 Kf6
51.Kf3 Rb4 52.Ra3 e5 53.Ra8 Rb3+ 54.Kf2 e4 55.Re8 Rb7 56.g4 f4 57.Rxe4 Kg5
58.Re8 Rb2+ 59.Kf3 Rb3+ 60.Kf2 Kxg4 61.Rg8+ Kf5 62.Rf8+ Ke5 63.Re8+ Kd4 64.Rd8+  1/2-1/2

[Event "10th Open"]
[Site "Bosnjaci CRO"]
[Date "2004.01.08"]
[Round "9"]
[White "Jurkovic,A"]
[Black "Ljubicic,F"]
[Result "1/2-1/2"]
[WhiteElo "2319"]
[BlackElo "2413"]

1.e4 c5 2.Nf3 e6 3.d4 cxd4 4.Nxd4 Nc6 5.Nb5 d6 6.Bf4 e5 7.Be3 a6 8.N5c3 Nf6
9.Bc4 Be6 10.Nd5 Rc8 11.Bb6 Qd7 12.Nbc3 Ne7 13.Nxf6+ gxf6 14.Bb3 Bxb3 15.axb3 Rg8
16.O-O Rc6 17.Be3 Qh3 18.g3 f5 19.exf5 Nxf5 20.Qf3 Nh4 21.Qd5 Rg6 22.Kh1 f5
23.gxh4 e4 24.Bg5 Qf3+ 25.Kg1 h6 26.Rfe1 Qg4+ 27.Kh1 Qf3+ 28.Kg1 Qg4+ 29.Kh1 Qf3+
30.Kg1  1/2-1/2

[Event "Brazilian Open"]
[Site "Minoxel BRA"]
[Date "2004.01.08"]
[Round "2"]
[White "Leite,Era"]
[Black "Coelho,L"]
[Result "0-1"]
[WhiteElo "2006"]
[BlackElo "2401"]

1.e4 c5 2.Nf3 e6 3.d4 cxd4 4.Nxd4 Nc6 5.Nb5 d6 6.c4 Nf6 7.N1c3 a6 8.Na3 Be7
9.Be2 O-O 10.Nc2 b6 11.O-O Bb7 12.Bg5 Ne5 13.f3 Rc8 14.b3 b5 15.f4 Ned7 16.Bf3 bxc4
17.b4 Re8 18.Qe2 e5 19.f5 d5 20.exd5 e4 21.Nxe4 Nxe4 22.Bxe7 Qxe7 23.Rfe1 Bxd5
24.Rad1 Ndf6 25.Bxe4 Bxe4 26.h3 Bxc2 27.Qxc2 Qxe1+ 28.Rxe1 Rxe1+ 29.Kh2 c3
30.a4 Re4  0-1

[Event "Testa GM"]
[Site "Griesheim GER"]
[Date "2004.01.20"]
[Round "1"]
[White "Ginsburg,G"]
[Black "Milov,L"]
[Result "1/2-1/2"]
[WhiteElo "2486"]
[BlackElo "2452"]

1.e4 c5 2.Nf3 e6 3.d4 cxd4 4.Nxd4 Nc6 5.Nb5 d6 6.c4 Nf6 7.N1c3 a6 8.Na3 b6
9.Be2 Be7 10.O-O Bb7 11.Be3 Ne5 12.f3 O-O 13.Qd2 d5 14.exd5 exd5 15.cxd5 Bxd5
16.f4 Nc6 17.Rad1 Nb4 18.Nxd5 Nbxd5 19.Bd4 b5 20.Bf3 Rc8 21.Nb1 Nb4 22.Nc3 Nc6
23.Bf2 Qxd2 24.Rxd2 Na5 25.Nd5 Nxd5 26.Rxd5 Rc2 27.Rd7 Bf6 28.b3 Rxa2 29.Bd5 Rc2
30.g4 h6 31.h4 Nc6 32.g5 Rd8 33.Bxf7+ Kf8 34.Rfd1 Be7 35.Be6 Rxd7 36.Rxd7 Re2
37.f5 hxg5  1/2-1/2

[Event "Open"]
[Site "Marianske Lazne CZE"]
[Date "2004.01.28"]
[Round "6"]
[White "Hlavac,R"]
[Black "Breindl,P"]
[Result "0-1"]
[WhiteElo "2192"]
[BlackElo "2069"]

1.e4 c5 2.Nf3 Nc6 3.d4 cxd4 4.Nxd4 e6 5.Nb5 Nf6 6.N1c3 Bb4 7.a3 Bxc3+ 8.Nxc3 d5
9.exd5 Nxd5 10.Nxd5 Qxd5 11.Be3 O-O 12.c4 Qe4 13.Qd3 Qxd3 14.Bxd3 Rd8 15.O-O-O e5
16.Be4 Be6 17.b3 Na5 18.Kb2 f5 19.Bd5 Bxd5 20.cxd5 b6 21.f3 Rd7 22.Rd3 Rad8
23.Rc1 h6 24.b4 Nb7 25.Rcd1 Nd6 26.Kb3 Rc8 27.Rc1 Rdc7 28.Rdc3 Rxc3+ 29.Rxc3 Rxc3+
30.Kxc3 Kf7 31.a4 Ke7 32.b5 Nb7 33.Bc1 Kd6 34.Ba3+ Kxd5 35.Bf8 g6 36.Bxh6 Nc5
37.Kb4 Nd3+ 38.Kc3 Ne1 39.g4 Nxf3 40.gxf5 gxf5 41.h3 f4 42.Bf8 e4 43.Be7 e3
44.Kd3 Ne5+ 45.Ke2 Ke4  0-1

[Event "9th HIT Open"]
[Site "Nova Gorica SLO"]
[Date "2004.01.31"]
[Round "3"]
[White "Parligras,M"]
[Black "Nikolov,Sas"]
[Result "1-0"]
[WhiteElo "2539"]
[BlackElo "2407"]

1.e4 c5 2.Nf3 e6 3.d4 cxd4 4.Nxd4 Nc6 5.Nb5 d6 6.c4 Nf6 7.N1c3 a6 8.Na3 Be7
9.Be2 O-O 10.O-O b6 11.Be3 Bb7 12.f3 Rc8 13.Qd2 Ne5 14.Rfd1 Re8 15.Bf1 Qc7
16.Rac1 Bf8 17.Kh1 Nfd7 18.Qf2 Be7 19.Be2 Bd8 20.f4 Ng6 21.Nc2 Nc5 22.Bf3 Nh4
23.b4 Nd7 24.Be2 Qb8 25.Ne1 Ng6 26.Nf3 Bc7 27.Nd2 Ba8 28.a3 Nf6 29.c5 dxc5
30.e5 cxb4 31.axb4 Nd5 32.Nxd5 Bxd5 33.Bxa6 Rcd8 34.Bb5 Rf8 35.Bc6 Ne7 36.Bxd5 Nxd5
37.b5 Nxe3 38.Qxe3 Rd5 39.Qe2 Rfd8 40.Rc2 R8d7 41.Rdc1 Qd8 42.Nf1 h6 43.Ne3 Rd4
44.Rc4 Rd2 45.Qf3 R2d3 46.h3 Rb3 47.Ra4 Qe7 48.Rxc7 Rxc7 49.Ra8+ Kh7 50.Qe4+ g6
51.Ng4 h5 52.Nf6+ Kg7 53.Rg8+ Kh6 54.Rh8+ Kg7 55.Rh7+ Kf8 56.Qa8+  1-0

[Event "9th HIT Open"]
[Site "Nova Gorica SLO"]
[Date "2004.02.01"]
[Round "4"]
[White "Srebrnic,M"]
[Black "Tonon,A"]
[Result "1-0"]
[WhiteElo "2225"]
[BlackElo "2196"]

1.e4 c5 2.Nf3 e6 3.d4 cxd4 4.Nxd4 Nc6 5.Nb5 d6 6.Bf4 e5 7.Be3 Nf6 8.Bc4 a6
9.N5c3 Be6 10.Nd5 Bxd5 11.Bxd5 Rc8 12.Nc3 Be7 13.O-O O-O 14.a3 b5 15.Qd3 Na5
16.b3 Qc7 17.Bd2 Nc6 18.Rfc1 Nd4 19.b4 Qd7 20.Bb3 Rfd8 21.Nd5 Nxb3 22.cxb3 Qb7
23.Nxe7+ Qxe7 24.Bg5 Qe6 25.a4 Rxc1+ 26.Rxc1 Rb8 27.Rc6 Ne8 28.Rxa6 bxa4
29.Rxa4 Nc7 30.h3 Nb5 31.Qxb5  1-0

[Event "V Comunic Masters"]
[Site "Sao Paulo BRA"]
[Date "2004.02.14"]
[Round "4"]
[White "Tsuboi,E"]
[Black "Dumont,S"]
[Result "1/2-1/2"]
[WhiteElo "2344"]
[BlackElo "2341"]

1.e4 c5 2.Nf3 Nc6 3.d4 cxd4 4.Nxd4 e6 5.Nb5 d6 6.Bf4 e5 7.Be3 a6 8.N5c3 Nf6
9.Bg5 Be7 10.Nd2 O-O 11.Bxf6 Bxf6 12.Nc4 Be6 13.Qxd6 Qxd6 14.Nxd6 b5 15.a4 Nd4
16.Bd3 g6 17.axb5 Be7 18.Nb7 axb5 19.O-O Rab8 20.Na5 Rfc8 21.Nd5 Bf8 22.c3 Nc6
23.Nxc6 Rxc6 24.Ra7 Bxd5 25.exd5 Rd6 26.Bc2 Rxd5 27.Bb3 Rd2 28.Rxf7 Kh8 29.Rd1 Rxb2
30.Be6 Bc5  1/2-1/2

[Event "ch-CZE"]
[Site "Karlovy Vary CZE"]
[Date "2004.02.21"]
[Round "5"]
[White "Rasik,V"]
[Black "Jansa,Vl"]
[Result "1/2-1/2"]
[WhiteElo "2472"]
[BlackElo "2477"]

1.e4 c5 2.Nf3 e6 3.d4 cxd4 4.Nxd4 Nc6 5.Nb5 d6 6.Bf4 e5 7.Be3 a6 8.N5c3 Nf6
9.Bc4 Be7 10.Nd5 Nxd5 11.Bxd5 O-O 12.O-O Bg5 13.Re1 Bxe3 14.Rxe3 Be6 15.c3 Qb6
16.Qb3 Qxb3 17.Bxb3 Na5 18.Bxe6 fxe6 19.Na3 b5 20.Rd1 Nb7 21.Kf1 Rfc8 22.Ke2 Rc6
23.Red3 Rac8 24.R1d2 Kf7 25.Rf3+ Ke8 26.Rh3 h6 27.Rhd3 R8c7 28.h4 Rd7 29.b4 Rf7
30.f3 Rfc7 31.Nb1 Rc4 32.g3 g5 33.hxg5 hxg5 34.g4 Rh7 35.Kd1 Ke7 36.Kc2 Rc8
37.Kb3 Rh1 38.Rd1 Rch8 39.a4 Rxd1 40.Rxd1 Rh3 41.axb5 axb5 42.Nd2 d5 43.Ra1 Nd6
44.Ra7+ Kd8 45.Ra8+ Kc7 46.Ra7+ Kd8 47.Ra8+ Ke7 48.Ra7+ Kf6 49.Ra6 Nc4 50.Nxc4 dxc4+
51.Kc2 Rxf3 52.Ra5 Rf4 53.Rxb5 Rxe4 54.Ra5 Rxg4 55.b5 Rg2+ 56.Kc1 Rg1+ 57.Kc2 Rg2+
58.Kc1 Rg1+ 59.Kc2 Rg2+  1/2-1/2

[Event "FSGM March"]
[Site "Budapest HUN"]
[Date "2004.03.06"]
[Round "1"]
[White "Grafl,F"]
[Black "Fogarasi,T"]
[Result "1/2-1/2"]
[WhiteElo "2408"]
[BlackElo "2477"]

1.e4 c5 2.Nf3 e6 3.d4 cxd4 4.Nxd4 Nc6 5.Nb5 d6 6.Bf4 e5 7.Bg5 Qxg5 8.Nc7+ Kd7
9.Nxa8 b6 10.Nc3 Bb7 11.Nxb6+ axb6 12.Nd5 Qd8 13.Qg4+ Ke8 14.Bb5 Nf6 15.Qf3 Nd7
16.c3 Be7 17.O-O Kf8 18.Qe3 Bg5 19.f4 exf4 20.Nxf4 Kg8 21.Rad1 Nde5 22.Qf2 h5
23.Be2 Bxf4 24.Qxf4 Rh6 25.Qe3 Bc8 26.Rd5 Ng4 27.Bxg4 hxg4 28.Rfd1 Qc7 29.Qd2 Na5
30.Qd4 Nb7 31.e5 dxe5 32.Qxe5 Qxe5 33.Rxe5 Kf8 34.Rd4 Rc6 35.Ra4 Na5 36.Rb4 Be6
37.Reb5 Nc4 38.b3 Ne3 39.c4 Rd6 40.Kf2 Nc2 41.Ra4 Nd4 42.Re5 Ke7 43.Ra6 Nc6
44.Re2 Nb4 45.Ra7+ Kf6 46.Rb7 Nd3+ 47.Ke3 Nc5 48.Rb8 Bf5 49.Re8 Rd3+ 50.Kf2 Rc3
51.R8e3 Nd3+ 52.Kg3 Nc1 53.Re1 Nxa2 54.Rxc3 Nxc3 55.Re8 b5 56.cxb5 Nxb5 57.Rb8 Nd4
58.Kf4 Ne6+  1/2-1/2

[Event "TCh-CZE Extraliga 2003-4"]
[Site "Czech Rep CZE"]
[Date "2004.03.20"]
[Round "8"]
[White "Virostko,P"]
[Black "Chloupek,S"]
[Result "1-0"]
[WhiteElo "2313"]
[BlackElo "2371"]

1.e4 c5 2.Nf3 e6 3.d4 cxd4 4.Nxd4 Nc6 5.Nb5 d6 6.c4 Nf6 7.N1c3 a6 8.Na3 Be7
9.Be2 O-O 10.O-O b6 11.Be3 Ne5 12.f3 Rb8 13.Qd2 Qc7 14.Rfd1 Bb7 15.Rac1 Ned7
16.Qe1 Rbc8 17.Qf2 Rfe8 18.Kh1 Bf8 19.Nab1 Be7 20.b4 Bd8 21.Na4 Bc6 22.Nbc3 Bb7
23.a3 Ra8 24.Qg1 Rc8 25.Bd3 Rf8 26.Rc2 Re8 27.Rcd2 h6 28.Bf1 d5 29.cxd5 exd5
30.Nxd5 Nxd5 31.exd5 Qd6 32.Rd3 a5 33.Rb3 Ba8 34.Bb5 axb4 35.axb4 Rc2 36.Nc3 Qc7
37.Ne4 Rf8 38.Ra3 Bh4 39.Rc1 Rxc1 40.Qxc1 Qxc1+ 41.Bxc1 Ne5 42.Bf4 Ng6 43.Bd6 Rc8
44.g3 Bg5 45.Rc3 Rd8 46.Bc6 f5 47.Bc7 Rc8 48.Bxa8 fxe4 49.Bb7 e3 50.Ba6 Ra8
51.Bc4 b5 52.Bxb5 Ne7 53.Bc4 Kf8 54.f4 Ra1+ 55.Kg2 Bf6 56.Rxe3 Nf5 57.Re2 Bd4
58.Be5 Rc1 59.Bd3 Rg1+ 60.Kf3 Bxe5 61.Rxe5 Nd6 62.Re6 Ne8 63.d6 Nf6 64.b5 Rd1
65.Ke2 Rh1 66.Kf3 Rxh2 67.Re2 Rh1 68.b6 Rd1 69.Re3 Rd2 70.b7 Rb2 71.Re7 Ne8
72.Rd7 Rb3 73.Ke2 Nxd6 74.Rd8+  1-0

[Event "TCh-SCG"]
[Site "Petrovac SCG"]
[Date "2004.05.22"]
[Round "7"]
[White "Cabrilo,G"]
[Black "Tosic,M"]
[Result "1/2-1/2"]
[WhiteElo "2487"]
[BlackElo "2475"]

1.e4 c5 2.Nf3 e6 3.d4 cxd4 4.Nxd4 Nc6 5.Nb5 d6 6.c4 Nf6 7.N5c3 Be7 8.Be2 O-O
9.O-O a6 10.Bf4 Qb6 11.Qd2 Ne5 12.Na3 Bd7 13.Be3 Qc7 14.Rac1 Rac8 15.Kh1 Qb8
16.f3 Rfe8 17.Rfd1  1/2-1/2

[Event "54th ch-RUS w"]
[Site "Kazan RUS"]
[Date "2004.07.04"]
[Round "5"]
[White "Shadrina,T"]
[Black "Stepovaia Dianchenko,T"]
[Result "1/2-1/2"]
[WhiteElo "2380"]
[BlackElo "2362"]

1.e4 c5 2.Nf3 Nc6 3.d4 cxd4 4.Nxd4 e6 5.Nb5 d6 6.c4 Nf6 7.N1c3 Be7 8.Bf4 e5
9.Bg5 a6 10.Bxf6 gxf6 11.Na3 f5 12.exf5 Bxf5 13.Bd3 Bg6 14.Nc2 f5 15.Ne3 e4
16.Bc2 Bf6 17.Ned5 O-O 18.O-O Be5 19.f4 exf3 20.gxf3 Qh4 21.f4 Bd4+ 22.Kh1 Rae8
23.Qd2 Bh5 24.Bd1 Re6 25.Bxh5 Qxh5 26.Rae1 Rfe8 27.Rxe6 Rxe6 28.Qd1 Qh4 29.Qf3 Re1
30.b3 Rxf1+ 31.Qxf1 Kf7 32.Ne2 Qg4 33.Nxd4 Nxd4 34.Ne3 Qe2 35.Qxe2 Nxe2 36.Kg2 Ke6
37.Nd5 Nc1 38.Nc3 Nd3  1/2-1/2

[Event "TCh-EY"]
[Site "Obrenovac SCG"]
[Date "2004.07.11"]
[Round "2"]
[White "Borisek,J"]
[Black "Laznicka,V"]
[Result "1/2-1/2"]
[WhiteElo "2465"]
[BlackElo "2434"]

1.e4 c5 2.Nf3 Nc6 3.d4 cxd4 4.Nxd4 e6 5.Nb5 d6 6.Bf4 e5 7.Be3 Nf6 8.Bg5 Be6
9.Bxf6 gxf6 10.Nd2 a6 11.Nc3 f5 12.Bc4 Qg5 13.g3 O-O-O 14.Bd5 h5 15.Bxc6 bxc6
16.Qe2 Kb7 17.Nc4 Kc7 18.exf5 Bxc4 19.Qxc4 d5 20.Qxa6 Bc5 21.Qe2 Qxf5 22.O-O-O Qxf2
23.Qxe5+ Bd6 24.Qe2 Qxe2 25.Nxe2 h4 26.Rhf1 Rh7 27.Rd3 hxg3 28.hxg3 Be5 29.b3 f6
30.Kd2 Rh2 31.Ke3 Rg8 32.Kf3 Rg5 33.Rdd1 Rf5+ 34.Ke3 Rg5 35.Kd3 c5 36.c4 dxc4+
37.bxc4 Rg8 38.Rd2 Ra8 39.Rfd1 Bxg3 40.Nxg3 Ra3+ 41.Ke4 Rxd2 42.Rxd2 Rxg3
43.Rf2 Rg4+ 44.Kd5 Rg5+  1/2-1/2

[Event "111th ch-SCO"]
[Site "Hamilton SCO"]
[Date "2004.07.14"]
[Round "5"]
[White "Kafka,G"]
[Black "MacDonald,C"]
[Result "1-0"]
[WhiteElo "2143"]
[BlackElo "2018"]

1.e4 c5 2.Nf3 e6 3.d4 cxd4 4.Nxd4 Nc6 5.Nb5 d6 6.Bf4 e5 7.Be3 a6 8.N5c3 Nf6
9.Nd2 Be6 10.Nc4 b5 11.Nb6 Rb8 12.Nbd5 Be7 13.Nxf6+ Bxf6 14.Nd5 Be7 15.Be2 O-O
16.O-O Bg5 17.Bxg5 Qxg5 18.Ne3 Rfd8 19.c3 Qf4 20.Qc2 Rbc8 21.g3 Qg5 22.h4 Qg6
23.Qd3 Na5 24.Nd5 Bxd5 25.Qxd5 Rc5 26.Qd3 Nb7 27.a4 Qe6 28.b4 Rc4 29.Qe3 Rc7
30.axb5 axb5 31.Bxb5 d5 32.exd5 Qxd5 33.c4 Qe6 34.c5 Rcc8 35.Ra7 Qd5 36.Re1 Nxc5
37.bxc5 Rxc5 38.Ba4 Rf8 39.Bb3 Qc6 40.Bd1 Rd8 41.Qf3 Qxf3 42.Bxf3 Re8 43.Rb1 Rf8
44.Rbb7 e4 45.Bxe4 Re5 46.Re7 Rb5 47.Rad7 Rb6 48.Rxf7  1-0

[Event "GM"]
[Site "Balatonlelle HUN"]
[Date "2004.07.22"]
[Round "4"]
[White "Wittmann,W"]
[Black "Horvath,Ad1"]
[Result "1/2-1/2"]
[WhiteElo "2337"]
[BlackElo "2528"]

1.e4 c5 2.Nf3 Nc6 3.d4 cxd4 4.Nxd4 e6 5.Nb5 d6 6.Bf4 e5 7.Be3 a6 8.N5c3 Nf6
9.Bg5 Be7 10.Bxf6 Bxf6 11.Nd2 Be6 12.Nc4 Nd4 13.Ne3 Rc8 14.Bd3 Bg5 15.Ncd5 O-O
16.c3 Nc6 17.O-O Ne7 18.Bc2 Bxe3 19.Nxe3 Qb6 20.Bb3 Bxb3 21.axb3 Rfd8 22.Re1 h6
23.b4 Rc6 24.Ra5 Qc7 25.Qb3 b5 26.Nd5 Nxd5 27.Qxd5 Rb8 28.h3 Rbb6 29.Re3  1/2-1/2

[Event "Open Dutch Champ"]
[Site "Dieren NED"]
[Date "2004.07.28"]
[Round "2"]
[White "Brandenburg,D"]
[Black "De Kleuver,E"]
[Result "1-0"]
[WhiteElo "2291"]
[BlackElo "2144"]

1.e4 c5 2.Nf3 e6 3.d4 cxd4 4.Nxd4 Nc6 5.Nb5 d6 6.c4 Nf6 7.N1c3 a6 8.Na3 Be7
9.Be2 O-O 10.O-O Qc7 11.Be3 b6 12.Rc1 Qb7 13.f4 Nd7 14.Bf3 Rb8 15.Qe2 Qa8
16.Rfd1 Rd8 17.Rd2 Bb7 18.Rcd1 Nc5 19.Nc2 Na7 20.Bf2 Rbc8 21.b4 Nd7 22.Na4 b5
23.Nb2 bxc4 24.Nxc4 Nb5 25.Re1 Nc3 26.Qd3 d5 27.Qxc3 Rxc4 28.Qb3 Bf6 29.exd5 Rc3
30.Qb1 exd5 31.Red1 Nf8 32.Nd4 Qc8 33.Rd3 Rc4 34.Ne2 Ng6 35.g3 Ne7 36.Bc5 Ng6
37.Qb3 Rxc5 38.bxc5 Qxc5+ 39.Kg2 Bc6 40.Bxd5 Bxd5+ 41.Rxd5 Qc6 42.Qf3 Re8
43.R1d2 h6 44.Nd4 Qc1 45.Re2 Rc8 46.Nb3 Qc4 47.Qe4 Qc3 48.Rdd2 Rc4 49.Qa8+ Kh7
50.Qxa6 Rxf4 51.gxf4 Nxf4+ 52.Kg1 Qf3 53.Rg2 Qe3+ 54.Kh1 Qe1+ 55.Rg1 Qe4+
56.Rdg2 Nxg2 57.Nc5 Qd5 58.Qd3+ Qxd3 59.Nxd3 Ne3 60.a4 Nc4 61.Rc1 Na5 62.Rc5 Bd8
63.Ne5 Nb7 64.Rb5 Nd6 65.Rd5 Bc7 66.Nxf7 Ne4 67.a5 Kg6 68.a6 Bb6 69.Nd6 Nf6
70.Rb5 Nd7 71.Nc8  1-0